[Event "Liberec Region-chT 2223"]
[Site "Czech Republic"]
[Date "2022.12.11"]
[Round "5.4"]
[White "Gombala, Marek"]
[Black "Kucina, Ondrej"]
[Result "1-0"]
[WhiteElo "1940"]
[BlackElo "1458"]
[PlyCount "61"]
[EventDate "2022.10.09"]
[EventType "team-tourn"]
[EventRounds "11"]
[EventCountry "CZE"]
[SourceTitle "EXT 2024"]
[Source "ChessBase"]
[SourceDate "2023.10.10"]
[SourceVersion "1"]
[SourceVersionDate "2023.10.10"]
[SourceQuality "1"]

1. c4 e6 2. Nc3 Nf6 3. Nf3 d5 4. e3 c5 5. d4 dxc4 6. Bxc4 Nc6 7. 0-0 cxd4 8. exd4 Be7 9. a3 0-0 10. b4 a6 11. Bb2 b5 12. Ba2 Bb7 13. Rc1 a5 14. Nxb5 axb4 15. a4 Qa5 16. Bb3 Qb6 17. Ne5 Nxe5 18. dxe5 Nd5 19. Bd4 Qa5 20. Re1 Ba6 21. Nd6 Bxd6 22. exd6 Rfd8 23. Rc5 Qb6 24. Rxd5 Qc6 25. Rg5 Rxd6 26. Rxg7+ Kf8 27. Qh5 Rd7 28. Bf6 Bd3 29. Qh6 Qxg2+ 30. Kxg2 Be4+ 31. Rxe4 1-0

[Event "Liberec Region-chT 2223"]
[Site "Czech Republic"]
[Date "2022.11.13"]
[Round "3.3"]
[White "Hofman, Krystof"]
[Black "Gombala, Marek"]
[Result "1/2-1/2"]
[WhiteElo "1988"]
[BlackElo "1940"]
[PlyCount "48"]
[EventDate "2022.10.09"]
[EventType "team-tourn"]
[EventRounds "11"]
[EventCountry "CZE"]
[SourceTitle "EXT 2024"]
[Source "ChessBase"]
[SourceDate "2023.10.10"]
[SourceVersion "1"]
[SourceVersionDate "2023.10.10"]
[SourceQuality "1"]

1. Nf3 Nf6 2. g3 Nc6 3. Bg2 g6 4. 0-0 Bg7 5. d3 0-0 6. e4 d6 7. Nfd2 e5 8. Nc3 Nd4 9. Ne2 Nxe2+ 10. Qxe2 c6 11. h3 Bd7 12. Kh2 Qc7 13. Nc4 Rae8 14. f4 b5 15. Ne3 d5 16. f5 d4 17. Nd1 Qd6 18. g4 h6 19. h4 h5 20. gxh5 Nxh5 21. Bf3 Nf4 22. Bxf4 exf4 23. fxg6 fxg6 24. Rh1 Kf7 1/2-1/2

[Event "Liberec Region-chT 2223"]
[Site "Czech Republic"]
[Date "2022.10.30"]
[Round "2.3"]
[White "Gombala, Marek"]
[Black "Zima, Jan"]
[Result "0-1"]
[WhiteElo "1940"]
[BlackElo "2128"]
[PlyCount "82"]
[EventDate "2022.10.09"]
[EventType "team-tourn"]
[EventRounds "11"]
[EventCountry "CZE"]
[SourceTitle "EXT 2024"]
[Source "ChessBase"]
[SourceDate "2023.10.10"]
[SourceVersion "1"]
[SourceVersionDate "2023.10.10"]
[SourceQuality "1"]

1. c4 Nf6 2. Nc3 d5 3. cxd5 Nxd5 4. g3 g6 5. Bg2 Nb6 6. Nf3 Bg7 7. 0-0 0-0 8. b3 Nc6 9. Bb2 e5 10. d3 f5 11. Qc1 Nd4 12. Re1 c6 13. Rb1 Kh8 14. Qd1 Be6 15. e3 Nxf3+ 16. Bxf3 Qd7 17. Qe2 Rfe8 18. Bg2 a5 19. Qc2 Nd5 20. Rbd1 Nb4 21. Qb1 Rad8 22. Na4 Qc7 23. h4 Bd5 24. e4 Be6 25. Nc5 Bg8 26. a3 Na6 27. Nxa6 bxa6 28. Rc1 Rb8 29. exf5 Rxb3 30. Qa1 Qb8 31. Bc3 gxf5 32. Bxc6 Re7 33. d4 Qd6 34. Ba4 Rxa3 35. dxe5 Rxa1 36. exd6 Rxe1+ 37. Rxe1 Bxc3 38. Rxa1 Bxa1 39. Bd7 Be5 40. Bxf5 Bxd6 41. Bd3 a4 0-1

[Event "Liberec Metalmex op"]
[Site "Liberec"]
[Date "2012.08.13"]
[Round "4"]
[White "Blahacek, Evzen"]
[Black "Gombala, Marek"]
[Result "1-0"]
[WhiteElo "1981"]
[BlackElo "1000"]
[PlyCount "61"]
[EventDate "2012.08.11"]
[EventType "swiss"]
[EventRounds "9"]
[EventCountry "CZE"]
[SourceTitle "EXT 2014"]
[Source "ChessBase"]
[SourceDate "2013.11.20"]
[SourceVersion "1"]
[SourceVersionDate "2013.11.20"]
[SourceQuality "1"]

1. c4 b6 2. Nc3 Bb7 3. d4 Nf6 4. Nf3 e6 5. a3 h6 6. e3 d5 7. cxd5 Nxd5 8. Bd3 Nd7 9. e4 Nxc3 10. bxc3 c5 11. Qe2 Be7 12. 0-0 0-0 13. Rd1 Qc7 14. e5 cxd4 15. cxd4 Bd5 16. Be3 f5 17. exf6 Bxf6 18. Nd2 Rf7 19. Ne4 Nf8 20. Rdc1 Qe7 21. Nc3 Rd8 22. Nxd5 exd5 23. Qg4 Kh8 24. Rc3 Bg5 25. Be2 Bxe3 26. fxe3 Ne6 27. Re1 Ng5 28. Bd3 Rdf8 29. h4 Rf4 30. Qg3 Ne4 31. exf4 1-0